00736nam a2200217 a 450000100100000000500170001000800410002702000150006804000250008308200180010810000300012624500450015626000360020130000280023759000260026565000240029165000330031591000370034895201160038599900170050100001241920260114124842.0091112s1997 dr a 000 0 spa d a8484002438 aDO-SdBNPbspacBNPHU a133.93bH565v1 aHerrera P., Rafael92912013aLa voz del silencio /cRafael Herrera P. aSanto Domingo :bTaller,c1997. a493 p. :bil. ;c23 cm. aInventariado, 2018/LP 0aMeditaciones 95988 4aMediuns (espiritismo)929121 aValidado. Control de calidad MFF 0010718PDaPDbPDcHDd2009-11-12iLF1l0o133.93 H565vp12419-10r2020-06-25w2020-06-25yLFPDZNo se presta c12076d12076